Memories of a midget (Record no. 231537)

MARC details
000 -LEADER
fixed length control field 00364nam a2200145Ia 4500
008 - FIXED-LENGTH DATA ELEMENTS--GENERAL INFORMATION
fixed length control field 230917s9999||||xx |||||||||||||| ||und||
040 ## - CATALOGING SOURCE
-- 56497
Original cataloging agency VIVEKANANDA LIBRARY
041 ## - Language
-- English
082 ## - DDC NUMBER
Classification number 823.8 D37M
100 ## - MAIN ENTRY--PERSONAL NAME
Personal name De-la-mare, Walter
245 #0 - TITLE STATEMENT
Title Memories of a midget
260 ## - PUBLICATION, DISTRIBUTION, ETC. (IMPRINT)
Place of publication, distribution, etc Oxford
Name of publisher, distributor, etc Oxford University press
Date of publication, distribution, etc 1982
300 ## - PHYSICAL DESCRIPTION
Pages xxiii, 392 p.
942 ## - ADDED ENTRY ELEMENTS (KOHA)
Koha item type Books
Holdings
Withdrawn status Lost status Damaged status Not for loan Location (home branch) Sublocation or collection (holding branch) Date acquired Koha issues (times borrowed) Koha full call number Accession No. Koha date last seen Koha item type
        VIVEKANANDA LIBRARY VIVEKANANDA LIBRARY 23/12/2002   823.8 D37M 99976 17/09/2023 Books
© Designed and Maintained by Vivekananda Library, MDU Rohtak